000 01237cam a22003131 4500
999 _c65467
_d65467
001 7849400
003 ARRUPE
005 20170529102210.0
008 740610s1941 enk b 000 0 eng c
010 _aa 41004341
035 _a(OCoLC)912246
040 _aHarvard Univ. Library
_cOClW
_dOCoLC
_dDLC
042 _apremarc
050 0 0 _aZ5113
_b.S3
082 _a016.572968
100 1 _aSchapera, Isaac,
_d1905-2003,
_eed.
_931216
245 1 0 _aSelect bibliography of South African native life and problems.
_cCompiled for the Inter-university Committee for African Studies under the direction of I. Schapera.
260 _aLondon,
_bOxford University Press,
_c1941.
300 _axii, 249 p.
_c25 cm.
650 0 _aEthnology
_zSouth Africa
_vBibliography.
_931217
650 0 _aIndigenous peoples
_zSouth Africa
_vBibliography.
_931218
651 0 _aSouth Africa
_xAntiquities
_vBibliography.
_931219
651 0 _aSouth Africa
_xLanguages
_vBibliography.
_931220
651 0 _aSouth Africa
_vBibliography.
_931221
710 2 _aInter-university Committee for African Studies.
_931222
710 2 _aUniversity of Cape Town.
_bSchool of Librarianship.
_931223
906 _a7
_bcbc
_coclcrpl
_du
_encip
_f19
_gy-gencatlg
942 _2lcc
_cMONOGRAPH